|
|
|
|
| LEADER |
00000nam a2200000 i 4500 |
| 001 |
DIGEDUFV0015 |
| 003 |
NyNyDIG |
| 008 |
200709s2019 sp ob 000 0 spa d |
| 006 |
m o d |
| 007 |
cr ||||||||||| |
| 035 |
|
|
|a (OCoLC)1120208149
|
| 040 |
|
|
|a DGITA
|b eng
|e rda
|e pn
|c DGITA
|
| 020 |
|
|
|a 9788417641412
|q edición digital
|
| 020 |
|
|
|a 8417641416
|q edición digital
|
| 020 |
|
|
|z 9788417641405
|q edición impresa
|
| 020 |
|
|
|z 8417641408
|q edición impresa
|
| 041 |
1 |
|
|a spa
|h ger
|
| 050 |
1 |
4 |
|a PT2653.W42 ebook
|
| 082 |
0 |
4 |
|a 838.91209
|
| 245 |
0 |
0 |
|a Stefan Zweig y la idea de Europa /
|c Stefano Cazzanelli (editor)
|
| 250 |
|
|
|a Primera edición.
|
| 264 |
|
1 |
|a Madrid :
|b Editorial Universidad Francisco de Vitoria, UFV Madrid,
|c 2019.
|
| 300 |
|
|
|a 1 online resource.
|
| 336 |
|
|
|a text
|b txt
|2 rdacontent
|
| 337 |
|
|
|a computer
|b c
|2 rdamedia
|
| 338 |
|
|
|a online resource
|b cr
|2 rdacarrier
|
| 347 |
|
|
|a text file
|2 rdaft
|
| 347 |
|
|
|b PDF
|
| 490 |
1 |
|
|a Instituto Robert Schuman de Estudios Europeos ;
|v 3
|
| 504 |
|
|
|a Includes bibliographical references.
|
| 588 |
0 |
|
|a Online resource; title from PDF title page (Digitalia, viewed July 9, 2020)
|
| 600 |
1 |
0 |
|a Zweig, Stefan, 1881-1942
|x Political and social views.
|
| 655 |
|
0 |
|a Electronic books.
|
| 700 |
1 |
|
|a Cazzanelli, Stefano,
|e editor.
|
| 700 |
1 |
|
|a Zweig, Stefan, 1881-1942,
|e author.
|
| 791 |
2 |
|
|a Digitalia (Firm),
|e distributor.
|
| 793 |
0 |
|
|g Digitalia eBook Collection:
|a Editorial UFV
|
| 776 |
0 |
8 |
|i Print version:
|t Stefan Zweig y la idea de Europa.
|d Madrid : Editorial UFV, 2019
|z 9788417641405
|w (DLC) 2018457412
|w (OCoLC)1121392165
|
| 830 |
|
0 |
|a Instituto Robert Schuman de Estudios Europeos ;
|v no. 3.
|
| 856 |
4 |
0 |
|3 Digitalia Hispánica
|u https://www.digitaliapublishing.com/a/61850/
|
| 910 |
|
|
|a Premium Collection: 2020
|